02636nam a22001697a 4500999001700000020001800017082001800035100002900053245006600082260004100148300001600189504003900205520197800244650006502222942001202287952016702299 c39555d39555 a9781666889017 a020.72bSHE-E aShelton, Wilberteauthor aResearch Methodology In Library Science/cBy Wilbert Shelton  aUnited State:bKaufman Press,c2022. axiii, 300p. aInclude Bibliography and Reference aThe resources of a university research library are available to the students, faculty, university research staff, and visiting scholars. The materials and services of a research library in a public library system are open to the public under the regulations and conditions established by the particular library. Use of some independent research libraries is restricted to advanced scholars and is permitted only by special arrangements; others are open to the public under regulations limiting the locale in which the materials can be used. Library science is an interdisciplinary science incorporating the humanities, law and applied science to study topics related to libraries, the collection, organisation, preservation and dissemination of information resources, and the political economy of information. Historically, library science has also included archival science. "The distinction between a library and an archive is relatively modern". In the beginning of the 21st century, one tendency has been to drop the term "library" and to speak about information departments or I-schools. There has also been an attempt to revive the concept of documentation and speak of Library, information and documentation studies (or science). Another tendency, for example in Sweden, is to merge the fields of Archival science, Library science and Museology to develop an integrated field: Archival, Library and Museum studies. The present book discusses the status, role and effectiveness of the academic library system in a changing world. Contents: 1. Introduction, 2. Research Methodology, 3. Research Process in Library Quality, 4. Citation Searches in Library, 5. The Emergence of 'Information Science' as a Field of Research, 6. Research in Electronic Databases, 7. Proquest Direct Research Library, 8. Research on Quantitative Aspects of Files and Text, 9. Digital Library on Higher Education and Research Methodology, 10. Development of Library and Information Science.  aLibrary SciencevResearch MethodologyxQuantitative Research 2ddccBK 00104070aNASSDOCbNASSDOCd2024-03-21eAhuja book company Pvt Ltd.g10026.44i2024-03-21l0o020.72 SHE-Ep54570r2024-05-27 00:00:00v15425.30w2024-03-21yBK